000 00535nam a2200193Ia 4500
005 20250801105830.0
008 008 250516s9999 xx 000 0 hin d
020 _a9789355182432
040 _beng
_cSDCL
041 _ahin
_2hin
084 _aO152,3:g(Y:1:7) R3
100 _aShrivastava, Garima
245 0 _aUpanyas Ka Samajshastra
246 _aउपन्यास का समाजशास्त्र
260 _aDelhi:
_bVani Prakashan,
_c2023.
300 _a456p.
650 _aHindi
942 _cTEXL
_2CC
999 _c1429410
_d1429410